Statystyki dla 50 najlepszych tenisistów rankingu ATP

Kliknij tutaj aby rozwiązać quiz!

Ogólne statystyki

  • Ten quiz został rozwiązany 273 razy
  • Średni wynik to 16 z 50

Statystyki odpowiedzi

HintOdpowiedź% Poprawnych
1SerbiaNovak Djokovic
97%
2HiszpaniaRafael Nadal
96%
4SzwajcariaRoger Federer
92%
3NiemcyAlexander Zverev
78%
8GrecjaStefanos Tsitsipas
76%
5AustriaDominic Thiem
66%
7JaponiaKei Nishikori
57%
35AustraliaNick Kyrgios
56%
11ChorwacjaMarin Cilic
54%
9ArgentynaJuan Martin del Potro
50%
6RPAKevin Anderson
48%
10USAJohn Isner
46%
34SzwajcariaStan Wawrinka
43%
25ArgentynaDiego Schwartzman
38%
19FrancjaGael Monfils
38%
15ChorwacjaBorna Coric
37%
22BelgiaDavid Goffin
37%
20KanadaDenis Shapovalov
34%
12WłochyFabio Fognini
34%
43BułgariaGrigor Dimitrov
34%
14RosjaDaniil Miedwiediew
33%
16KanadaMilos Raonic
31%
26AustraliaAlex de Minaur
27%
21HiszpaniaRoberto Bautista Agut
26%
31KanadaFelix Auger-Aliassime
23%
30USAFrances Tiafoe
21%
50PortugaliaJoao Sousa
21%
48ChileCristian Garin
20%
38FrancjaRichard Gasquet
20%
45Wielka BrytaniaCameron Norrie
19%
29HiszpaniaPablo Carreno Busta
19%
36WęgryMarton Fucsovics
18%
44MołdawiaRadu Albot
18%
46FrancjaBenoit Paire
17%
13RosjaKaren Chaczanow
15%
24SerbiaDusan Lajovic
14%
23Wielka BrytaniaKyle Edmund
14%
18GruzjaNikoloz Basilaszwili
13%
37HiszpaniaFernando Verdasco
10%
40KazachstanMikhail Kukuszkin
10%
27FrancjaGilles Simon
9%
33SerbiaLaslo Djere
8%
28ArgentynaGuido Pella
7%
32FrancjaLucas Pouille
6%
41NiemcyPhilipp Kohlschreiber
6%
39AustraliaJohn Millman
5%
47SłowacjaMartin Klizan
4%
49FrancjaPierre-Hugues Herbert
4%
17WłochyMarco Cecchinato
3%
42FrancjaJeremy Chardy
2%

Rozkład punktacji

Percentyl według liczby udzielonych odpowiedzi

Procent ludzi z każdym wynikiem

Twoja historia wyników

Nie rozwiązałeś tego quizu